ダブルファイナリスト(M-1,KOC) - Statistics

General Stats
  • This quiz has been taken 248 times
    142 since last reset
  • The average score is 11 of 15
Answer Stats
コンビ名 % Correct
かまいたち
98%
ロングコートダディ
89%
さらば青春の光
85%
ジャルジャル
82%
マヂカルラブリー
81%
サンドウィッチマン
78%
トム・ブラウン
76%
タイムマシーン3号
74%
ニューヨーク
71%
銀シャリ
67%
アキナ
62%
男性ブランコ
61%
ダンビラムーチョ
54%
ピース
50%
モンスターエンジン
48%
No matching quizzes found
Score Distribution
Percent of People with Each Score
Percentile by Number Answered
Your Score History
You have not taken this quiz since the last reset